000 00469nam a2200181Ia 4500
005 20240805071808.0
008 240331s9999 xx 000 0 und d
020 _a9559512617
082 _bDON
_a379
100 _aDon Peter, W.L.A
245 0 _aViewpoints on education in Sri Lanka
_cW.L.A. Don Peter
260 _aColombo
_bEvangel Press Limited
_c1987
300 _aviii, 159 p .,
650 _aPolitical
650 _aHistory
650 _aCriticism
942 _cL
999 _c2968
_d2968